<?xml version="1.0" encoding="UTF-8"?>
<record
    xmlns:xsi="http://www.w3.org/2001/XMLSchema-instance"
    xsi:schemaLocation="http://www.loc.gov/MARC21/slim http://www.loc.gov/standards/marcxml/schema/MARC21slim.xsd"
    xmlns="http://www.loc.gov/MARC21/slim">

  <leader>01549cam a2200361 a 4500</leader>
  <controlfield tag="001">secretsofskating00baiu</controlfield>
  <controlfield tag="003">CaSfIA</controlfield>
  <controlfield tag="005">20210119081143.0</controlfield>
  <controlfield tag="007">cr||||</controlfield>
  <controlfield tag="008">970613s1997    nyua          000 0 eng  </controlfield>
  <datafield tag="010" ind1=" " ind2=" ">
    <subfield code="a">   97026039 </subfield>
  </datafield>
  <datafield tag="040" ind1=" " ind2=" ">
    <subfield code="a">DLC</subfield>
    <subfield code="c">DLC</subfield>
    <subfield code="d">BAKER</subfield>
    <subfield code="d">BTCTA</subfield>
    <subfield code="d">YDXCP</subfield>
    <subfield code="d">OCLCG</subfield>
    <subfield code="d">OTP</subfield>
    <subfield code="d">CaSfIA</subfield>
  </datafield>
  <datafield tag="020" ind1=" " ind2=" ">
    <subfield code="a">0789301040 (hard)</subfield>
  </datafield>
  <datafield tag="020" ind1=" " ind2=" ">
    <subfield code="a">9780789301048 (hard)</subfield>
  </datafield>
  <datafield tag="035" ind1=" " ind2=" ">
    <subfield code="a">(OCoLC)37195066</subfield>
  </datafield>
  <datafield tag="050" ind1="0" ind2="0">
    <subfield code="a">GV849</subfield>
    <subfield code="b">.B25 1997</subfield>
  </datafield>
  <datafield tag="082" ind1="0" ind2="0">
    <subfield code="a">796.91/2/092</subfield>
    <subfield code="2">21</subfield>
  </datafield>
  <datafield tag="082" ind1="1" ind2="4">
    <subfield code="a">B</subfield>
    <subfield code="2">21</subfield>
  </datafield>
  <datafield tag="100" ind1="1" ind2=" ">
    <subfield code="a">Baiul, Oksana,</subfield>
    <subfield code="d">1977-</subfield>
  </datafield>
  <datafield tag="245" ind1="1" ind2="0">
    <subfield code="a">Secrets of skating /</subfield>
    <subfield code="h">[electronic resource] </subfield>
    <subfield code="c">Oksana Baiul ; compiled by Christopher Sweet ; with a foreword by Dorothy Hamill ; original photography by Simon Bruty.</subfield>
  </datafield>
  <datafield tag="260" ind1=" " ind2=" ">
    <subfield code="a">New York :</subfield>
    <subfield code="b">Universe Pub.,</subfield>
    <subfield code="c">1997.</subfield>
  </datafield>
  <datafield tag="300" ind1=" " ind2=" ">
    <subfield code="a">133 p. :</subfield>
    <subfield code="b">chiefly ill. (some col.) ;</subfield>
    <subfield code="c">29 cm.</subfield>
  </datafield>
  <datafield tag="650" ind1=" " ind2="0">
    <subfield code="a">Skating.</subfield>
  </datafield>
  <datafield tag="700" ind1="1" ind2=" ">
    <subfield code="a">Sweet, Christopher.</subfield>
  </datafield>
  <datafield tag="700" ind1="1" ind2=" ">
    <subfield code="a">Bruty, Simon.</subfield>
  </datafield>
  <datafield tag="856" ind1="4" ind2="1">
    <subfield code="u">http://www.archive.org/details/secretsofskating00baiu</subfield>
    <subfield code="z">Free eBook from the Internet Archive</subfield>
  </datafield>
  <datafield tag="856" ind1="4" ind2="2">
    <subfield code="u">http://www.openlibrary.org/books/OL679530M</subfield>
    <subfield code="z">Additional information and access via Open Library</subfield>
  </datafield>
  <datafield tag="029" ind1="1" ind2=" ">
    <subfield code="a">NZ1</subfield>
    <subfield code="b">4846167</subfield>
  </datafield>
  <datafield tag="029" ind1="1" ind2=" ">
    <subfield code="a">AU@</subfield>
    <subfield code="b">000013302749</subfield>
  </datafield>
  <datafield tag="942" ind1=" " ind2=" ">
    <subfield code="c">EB</subfield>
  </datafield>
  <datafield tag="506" ind1=" " ind2=" ">
    <subfield code="f">&#x41D;&#x435;&#x43E;&#x431;&#x445;&#x456;&#x434;&#x43D;&#x430; &#x430;&#x432;&#x442;&#x43E;&#x440;&#x438;&#x437;&#x430;&#x446;&#x456;&#x44F; &#x43D;&#x430; https://archive.org/ (&#x441;&#x442;&#x432;&#x43E;&#x440;&#x435;&#x43D;&#x43D;&#x44F; &#x43E;&#x431;&#x43B;&#x456;&#x43A;&#x43E;&#x432;&#x43E;&#x433;&#x43E; &#x437;&#x430;&#x43F;&#x438;&#x441;&#x443; &#x431;&#x435;&#x437;&#x43A;&#x43E;&#x448;&#x442;&#x43E;&#x432;&#x43D;&#x43E;)</subfield>
  </datafield>
  <datafield tag="506" ind1=" " ind2=" ">
    <subfield code="f">&#x41D;&#x435;&#x43E;&#x431;&#x445;&#x456;&#x434;&#x43D;&#x430; &#x430;&#x432;&#x442;&#x43E;&#x440;&#x438;&#x437;&#x430;&#x446;&#x456;&#x44F; &#x43D;&#x430; https://openlibrary.org/ (&#x441;&#x442;&#x432;&#x43E;&#x440;&#x435;&#x43D;&#x43D;&#x44F; &#x43E;&#x431;&#x43B;&#x456;&#x43A;&#x43E;&#x432;&#x43E;&#x433;&#x43E; &#x437;&#x430;&#x43F;&#x438;&#x441;&#x443; &#x431;&#x435;&#x437;&#x43A;&#x43E;&#x448;&#x442;&#x43E;&#x432;&#x43D;&#x43E;)</subfield>
  </datafield>
  <datafield tag="999" ind1=" " ind2=" ">
    <subfield code="c">547083</subfield>
    <subfield code="d">547083</subfield>
  </datafield>
</record>
